Radiohead Lyrics - No Hints #7 - Statistics

General Stats
  • This quiz has been taken 153 times
  • The average score is 65 of 177
Answer Stats
Answer % Correct
I
99%
A
94%
a
94%
You
89%
you
89%
you?
89%
the
76%
no
72%
do
70%
am
64%
is
62%
and
59%
it
59%
It
59%
not
59%
your
56%
Your
56%
in
55%
are
54%
Are
54%
What
54%
what
54%
can
48%
me
46%
On
46%
have
44%
this
44%
to
42%
for
40%
can't
39%
my
36%
get
33%
about
32%
of
32%
They
32%
they
32%
idea
31%
I'm
31%
out
31%
Understand
31%
talking
29%
I've
26%
body
25%
eyes
24%
Because
22%
see
22%
One
21%
With
21%
with
21%
trapped
20%
Two
20%
yes
20%
Blink
19%
Check
19%
light
19%
like
19%
done
18%
Has
18%
up
18%
wrong
18%
century
15%
got
15%
21st
14%
holes
14%
off
14%
gone
13%
light's
13%
pulse
12%
coming
11%
Full
11%
hand
11%
only
11%
brought
9%
follow
9%
knees
9%
put
9%
sound
9%
ass
7%
lie
7%
mouth
7%
backbone
6%
imitation
6%
moves
6%
pale
6%
seen
6%
skin
6%
someone's
6%
dog
5%
edges
5%
killed
5%
Removed
5%
sawn
5%
else
4%
face
3%
anyone
2%
around
1%
lines
1%
wrapped
1%
No matching quizzes found
Score Distribution
Percent of People with Each Score
Percentile by Number Answered
Your Score History
You have not taken this quiz